000 00317 a2200157 4500
001 177664
020 _a85-305-0228-0
040 _cMagnum
100 _aBelinky,tatiana
240 1 0 _aDiversidade
_lpor
245 1 0 _aDiversidade
300 _a36
362 0 _a1999
697 _aLITERATURA INFANTIL
942 _cBK
999 _c177664
_d177664